000 00344nam a2200121Ia 4500
008 240731s9999 xx 000 0 und d
022 _a1360-0540
245 0 _aJournal of Education for Teaching : International research and pedagogy
260 _bRoutledge
856 _uhttps://www.tandfonline.com/loi/cjet20
942 _2ddc
942 _cTFEJ
999 _c77662
_d77662
945 _a1
_bMadushi Gamage
_c1
_dMadushi Gamage